MARC

LEADER 00000nam0a2200000 4500
001 290904
005 20231102000332.0
035 |a (RuTPU)RU\TPU\book\315462 
035 |a RU\TPU\book\273348 
090 |a 290904 
100 |a 20150409d1982 k y0rusy50 ca 
101 0 |a rus 
102 |a RU 
105 |a a z 001zy 
200 1 |a Интенсификация процессов добычи нефти  |e сборник научных трудов  |f Всесоюзный нефтегазовый научно-исследовательский институт (ВНИИ) ; отв. за вып. М. Л. Сургучева 
210 |a Москва  |c Изд-во ВНИИ  |d 1982 
215 |a 150 с.  |c ил. 
225 1 |a Труды Всесоюзного нефтегазового научно-исследовательского института (ВНИИ)  |v Вып. 82  |x 0132-9243 
320 |a Библиогр. в конце ст. 
606 1 |a Нефтяные месторождения  |x Системы разработки  |x Интенсификация  |2 stltpush  |3 (RuTPU)RU\TPU\subj\45968  |9 65157 
610 1 |a технологическая эффективность 
610 1 |a нефтяные пласты 
610 1 |a фильтрация 
610 1 |a заводнения 
610 1 |a нагнетание 
610 1 |a нефтеотдача 
610 1 |a водорастворимые композии 
610 1 |a научные труды 
610 1 |a нефтяные залежи 
675 |a 622.276.6  |v 4 
702 1 |a Максимов  |b В. П.  |4 340 
712 0 2 |a Всесоюзный нефтегазовый научно-исследовательский институт (ВНИИ)  |c (Москва)  |c (1953-1987)  |2 stltpush  |3 (RuTPU)RU\TPU\col\11487 
801 1 |a RU  |b 63413507  |c 20140219 
801 2 |a RU  |b 63413507  |c 20231010  |g RCR 
942 |c BK